000 03492cam a2200361 a 4500
999 _c218
_d218
001 4198934
003 OSt
005 20190801142406.0
008 060508s2006 mau grb 001 0deng d
010 _a 2006015506
020 _a9780618680009
020 _a0618680004 (hbk.)
035 _a4198934
040 _aDLC
_cDLC
_dDLC
042 _apcc
082 0 0 _a211 DAW
_222
100 1 _aDawkins, Richard,
_d1941-
_eauthor
245 1 4 _aThe God delusion /
_cRichard Dawkins.
260 _aBoston :
_bHoughton Mifflin Co.,
_c2006.
300 _ax, 406 p. ;
_c24 cm.
504 _aIncludes bibliographical references (p. [380]-387) and index.
505 0 _aA deeply religious nonbeliever -- "Respect" -- The God hypothesis -- Polytheism -- Monotheism -- Secularism, the founding fathers and the religion of America -- The poverty of agnosticism -- Noma -- The great prayer experiment -- The Neville Chamberlain school of evolutionists -- Little green men -- Arguments for God's existence -- Thomas Aquinas's "proofs" -- The ontological argument and other a priori arguments -- The argument from beauty -- The argument from personal "experience" -- The argument from Scripture -- The argument from admired role models -- Pascal's Wager -- Bayesian arguments -- Why there almost certainly is no God -- The ultimate Boeing 747 -- Natural selection as a consciousness-raiser -- Irreducible complexity -- The worship of gaps -- The anthropic principle : planetary version -- The anthropic principle : cosmological version -- An interlude at Cambridge -- The roots of religion -- The Darwinian imperative -- Direct advantages of religion -- Group selection -- Religion as a byproduct of something else -- Psychologically primed for religion -- Tread softly, because you tread on my memes -- Cargo cults -- The roots of morality : why are we good? -- Does our moral sense have a Darwinian origin? -- A case study in the roots of morality -- If there is no God, why be good? -- The "good" book and the changing moral Zeitgeist -- The Old Testament -- Is the New Testament any better? -- Love thy neighbour -- The moral Zeitgeist -- What about Hitler and Stalin? : weren't they atheists? -- What's wrong with religion? : why be so hostile? -- Fundamentalism and the subversion of science -- The dark side of absolutism -- Faith and homosexuality -- Faith and the sanctity of human life -- The great beethoven fallacy -- How "moderation" in faith fosters fanaticism -- Religion and childhood -- Physical and mental abuse -- In defence of children -- An educational scandal -- Consciousness-raising again -- Religious education as a part of literary culture -- A much needed gap? -- Binker -- Consolation -- Inspiration -- The mother of all Burkas.
520 1 _a"A preeminent scientist - and the world's most prominent atheist - asserts the irrationality of belief in God and the grievous harm religion has inflicted on society, from the Crusades to 9/11."--BOOK JACKET.
650 0 _aIrreligion.
650 0 _aAtheism.
650 0 _aGod.
650 0 _aReligion.
856 4 2 _3Publisher description
_uhttp://www.loc.gov/catdir/enhancements/fy0643/2006015506-d.html
856 4 1 _3Table of contents only
_uhttp://www.loc.gov/catdir/toc/ecip0613/2006015506.html
856 4 1 _3Sample text
_uhttp://www.loc.gov/catdir/enhancements/fy0666/2006015506-s.html
856 4 2 _3Contributor biographical information
_uhttp://www.loc.gov/catdir/enhancements/fy0737/2006015506-b.html
942 _2ddc
_cNFIC